000 01105nam a2200253Ia 4500
001 220.66-NVBTA (21592)
003 IT-MiSPE
008 171229s9999||||xx |||||||||||||| ||und||
040 _aIT-MiSPE
_cIT-MiSPE
041 _aITALIANO
100 _aAA.VV.
245 0 _aNuova versione della Bibbia dai testi antichi
_b38. NT: Vangelo secondo Marco
250 _a1a ed. (v)
260 _aCinisello B.mo
_bSan Paolo
_c2011
300 _a364 p.
_c22 cm
490 _aNVBTA
_v38
501 _aEdizioni San Paolo srl - Piazza Soncino, 5 - 20092 CINISELLO BALSAMO (MI) (non commercial uses only) ® Copyright 2018
520 _aGiacomo Perego (intr., trad., com.). Testo ebr. a fronte
650 _aBIBBIA
700 _aGiacomo Perego
942 _cBK
957 _71
999 _a10318
_bNO
_g Copie: 1
_c337953
_d337953